<?xml version="1.0" encoding="UTF-8"?><?xml-stylesheet type="text/xsl" href="static/style.xsl"?><OAI-PMH xmlns="http://www.openarchives.org/OAI/2.0/" xmlns:xsi="http://www.w3.org/2001/XMLSchema-instance" xsi:schemaLocation="http://www.openarchives.org/OAI/2.0/ http://www.openarchives.org/OAI/2.0/OAI-PMH.xsd"><responseDate>2026-04-17T03:43:32Z</responseDate><request verb="GetRecord" identifier="oai:www.recercat.cat:11351/13405" metadataPrefix="marc">https://recercat.cat/oai/request</request><GetRecord><record><header><identifier>oai:recercat.cat:11351/13405</identifier><datestamp>2025-10-24T10:22:29Z</datestamp><setSpec>com_2072_378070</setSpec><setSpec>com_2072_378040</setSpec><setSpec>col_2072_378092</setSpec></header><metadata><record xmlns="http://www.loc.gov/MARC21/slim" xmlns:dcterms="http://purl.org/dc/terms/" xmlns:xsi="http://www.w3.org/2001/XMLSchema-instance" xmlns:doc="http://www.lyncode.com/xoai" xsi:schemaLocation="http://www.loc.gov/MARC21/slim http://www.loc.gov/standards/marcxml/schema/MARC21slim.xsd">
   <leader>00925njm 22002777a 4500</leader>
   <datafield ind2=" " ind1=" " tag="042">
      <subfield code="a">dc</subfield>
   </datafield>
   <datafield ind2=" " ind1=" " tag="720">
      <subfield code="a">Pérez Haas, Yoel Samuel</subfield>
      <subfield code="e">author</subfield>
   </datafield>
   <datafield ind2=" " ind1=" " tag="720">
      <subfield code="a">Benavente, Sergi</subfield>
      <subfield code="e">author</subfield>
   </datafield>
   <datafield ind2=" " ind1=" " tag="720">
      <subfield code="a">Ludwig, Roman</subfield>
      <subfield code="e">author</subfield>
   </datafield>
   <datafield ind2=" " ind1=" " tag="720">
      <subfield code="a">Balermpas, Panagiotis</subfield>
      <subfield code="e">author</subfield>
   </datafield>
   <datafield ind2=" " ind1=" " tag="720">
      <subfield code="a">Unkelbach, Jan</subfield>
      <subfield code="e">author</subfield>
   </datafield>
   <datafield ind2=" " ind1=" " tag="260">
      <subfield code="c">2025-07-14T06:11:47Z</subfield>
   </datafield>
   <datafield ind2=" " ind1=" " tag="260">
      <subfield code="c">2025-07-14T06:11:47Z</subfield>
   </datafield>
   <datafield ind2=" " ind1=" " tag="260">
      <subfield code="c">2025-05-25</subfield>
   </datafield>
   <datafield ind2=" " ind1=" " tag="520">
      <subfield code="a">Probabilistic model; Bilateral lymphatic spread; Head and neck cancer</subfield>
   </datafield>
   <datafield ind2=" " ind1=" " tag="520">
      <subfield code="a">Modelo probabilístico; Propagación linfática bilateral; Cáncer de cabeza y cuello</subfield>
   </datafield>
   <datafield ind2=" " ind1=" " tag="520">
      <subfield code="a">Model probabilístic; Propagació limfàtica bilateral; Càncer de cap i coll</subfield>
   </datafield>
   <datafield ind2=" " ind1=" " tag="520">
      <subfield code="a">Current guidelines for elective nodal irradiation in oropharyngeal squamous cell carcinoma (OPSCC) recommend including large portions of the contralateral lymphatic system in the clinical target volume (CTV-N), even for lateralized tumors with no clinical lymph node involvement in the contralateral neck. This study introduces a probabilistic model of bilateral lymphatic tumor progression in OPSCC to estimate personalized risks of occult disease in specific lymph node levels (LNLs) based on clinical lymph node involvement, T-stage, and tumor lateralization. Building on a previously developed hidden Markov model for ipsilateral lymphatic spread, we extend the approach to contralateral neck involvement. The model represents LNLs I, II, III, IV, V, and VII on both sides of the neck as binary hidden variables (healthy or involved), connected via arcs representing spread probabilities. These probabilities are learned using Markov chain Monte Carlo (MCMC) sampling from a dataset of 833 OPSCC patients, enabling the model to reflect the underlying lymphatic progression dynamics. The model accurately and precisely describes observed patterns of lymph node involvement with a compact set of interpretable parameters. Midline extension of the primary tumor is identified as the primary risk factor for contralateral involvement, with advanced T-stage and extensive ipsilateral involvement further increasing risk. Occult disease in contralateral LNL III is highly unlikely if upstream LNL II is clinically negative, and in contralateral LNL IV, occult disease is exceedingly rare without LNL III involvement. This model offers an interpretable, probabilistic framework to inform personalized elective CTV-N volume reduction. For lateralized tumors that do not cross the midline, it suggests the contralateral neck may safely be excluded from elective irradiation. For tumors extending across the midline but with a clinically negative contralateral neck, elective irradiation could be limited to LNL II, reducing unnecessary exposure of normal tissue while maintaining regional tumor control.</subfield>
   </datafield>
   <datafield ind1="8" ind2=" " tag="024">
      <subfield code="a">http://hdl.handle.net/11351/13405</subfield>
   </datafield>
   <datafield tag="653" ind2=" " ind1=" ">
      <subfield code="a">Cap - Càncer - Radioteràpia</subfield>
   </datafield>
   <datafield tag="653" ind2=" " ind1=" ">
      <subfield code="a">Coll - Càncer - Radioteràpia</subfield>
   </datafield>
   <datafield tag="653" ind2=" " ind1=" ">
      <subfield code="a">Metàstasi limfàtica</subfield>
   </datafield>
   <datafield tag="653" ind2=" " ind1=" ">
      <subfield code="a">Estadística</subfield>
   </datafield>
   <datafield tag="653" ind2=" " ind1=" ">
      <subfield code="a">DISEASES::Neoplasms::Neoplasms by Site::Head and Neck Neoplasms</subfield>
   </datafield>
   <datafield tag="653" ind2=" " ind1=" ">
      <subfield code="a">Other subheadings::Other subheadings::Other subheadings::/radiotherapy</subfield>
   </datafield>
   <datafield tag="653" ind2=" " ind1=" ">
      <subfield code="a">DISEASES::Neoplasms::Neoplastic Processes::Neoplasm Metastasis::Lymphatic Metastasis</subfield>
   </datafield>
   <datafield tag="653" ind2=" " ind1=" ">
      <subfield code="a">ANALYTICAL, DIAGNOSTIC AND THERAPEUTIC TECHNIQUES, AND EQUIPMENT::Investigative Techniques::Epidemiologic Methods::Statistics as Topic::Models, Statistical</subfield>
   </datafield>
   <datafield tag="653" ind2=" " ind1=" ">
      <subfield code="a">ENFERMEDADES::neoplasias::neoplasias por localización::neoplasias de cabeza y cuello</subfield>
   </datafield>
   <datafield tag="653" ind2=" " ind1=" ">
      <subfield code="a">Otros calificadores::Otros calificadores::Otros calificadores::/radioterapia</subfield>
   </datafield>
   <datafield tag="653" ind2=" " ind1=" ">
      <subfield code="a">ENFERMEDADES::neoplasias::procesos neoplásicos::metástasis neoplásica::metástasis linfática</subfield>
   </datafield>
   <datafield tag="653" ind2=" " ind1=" ">
      <subfield code="a">TÉCNICAS Y EQUIPOS ANALÍTICOS, DIAGNÓSTICOS Y TERAPÉUTICOS::técnicas de investigación::métodos epidemiológicos::estadística como asunto::modelos estadísticos</subfield>
   </datafield>
   <datafield ind2="0" ind1="0" tag="245">
      <subfield code="a">A probabilistic model of bilateral lymphatic spread in head and neck cancer</subfield>
   </datafield>
</record></metadata></record></GetRecord></OAI-PMH>